[Event "TCh-ESP 1a Division Zona Norte"]
[Site "Barcelona ESP"]
[Date "2006.08.18"]
[Round "4.8"]
[White "Llorente Fernandez, Carlos"]
[Black "Vega Gomez, Francisco B"]
[Result "0-1"]
[WhiteElo "1975"]
[BlackElo "2061"]
[PlyCount "116"]
[EventDate "2006.08.16"]
[EventType "team"]
[EventRounds "6"]
[EventCountry "ESP"]
[Source "lmi"]
[SourceDate "2006.08.21"]

1. d4 Nf6 2. c4 g6 3. Nc3 d5 4. Bf4 Bg7 5. e3 c5 6. dxc5 Qa5 7. Nf3 Ne4 8. Be5
Bxe5 9. Nxe5 Nxc3 10. Qd2 Qxc5 11. Qxc3 O-O 12. cxd5 Qxc3+ 13. bxc3 f6 14. Nf3
Rd8 15. c4 Nd7 16. Be2 Nc5 17. O-O Rd6 18. Nd4 Bd7 19. Rfb1 Rc8 20. Nb3 b6 21.
Rd1 Kg7 22. h3 f5 23. f3 Kf6 24. Rd2 Ba4 25. Bd1 Nb7 26. Rc1 Bd7 27. Kf2 h5 28.
h4 e6 29. dxe6 Rxd2+ 30. Nxd2 Bxe6 31. Bb3 b5 32. Rc2 b4 33. f4 Nc5 34. Ke2 a5
35. Rc1 Bd7 36. Bc2 Bc6 37. g3 a4 38. Nf3 Bxf3+ 39. Kxf3 b3 40. axb3 axb3 41.
Bb1 Ra8 42. Ke2 Ra1 43. Kd2 Na4 44. Bd3 Ra2+ 45. Ke1 b2 46. Rd1 Nc3 47. Rd2
Ra1+ 48. Kf2 b1=Q 49. Bxb1 Rxb1 50. Rd6+ Kf7 51. Rd7+ Ke6 52. Ra7 Rb2+ 53. Kf1
Ne4 54. Ra6+ Kf7 55. Ra7+ Kf6 56. Ra6+ Kg7 57. Ra7+ Kh6 58. Ra1 Rc2 0-1

[Event "TCh-ESP 1a Division Zona Norte"]
[Site "Barcelona ESP"]
[Date "2006.08.18"]
[Round "4.9"]
[White "Suarez Pousa, Diego"]
[Black "Asis Gargatagli, Hipolit"]
[Result "1/2-1/2"]
[WhiteElo "2377"]
[BlackElo "2371"]
[PlyCount "66"]
[EventDate "2006.08.16"]
[EventType "team"]
[EventRounds "6"]
[EventCountry "ESP"]
[Source "lmi"]
[SourceDate "2006.08.21"]

1. e4 c5 2. Nc3 g6 3. Nf3 Bg7 4. d4 cxd4 5. Nxd4 Nc6 6. Be3 Nf6 7. Bc4 O-O 8.
O-O d6 9. f3 Bd7 10. Qd2 Rc8 11. Bb3 Ne5 12. Qf2 Nc4 13. Bxc4 Rxc4 14. Nb3 b5
15. Bxa7 b4 16. Nb1 Qc7 17. c3 Ra8 18. Be3 d5 19. N1d2 bxc3 20. Nxc4 dxc4 21.
Nd4 e5 22. bxc3 exd4 23. Bxd4 Nh5 24. Rfd1 Ba4 25. Rd2 Nf4 26. Bxg7 Kxg7 27.
Rd4 Rb8 28. Kh1 Qb6 29. h4 Nd3 30. Qg3 Qb2 31. Rf1 Qxc3 32. Rxc4 Qxc4 33. Qxb8
Qxa2 1/2-1/2

[Event "TCh-ESP 1a Division Zona Norte"]
[Site "Barcelona ESP"]
[Date "2006.08.18"]
[Round "4.9"]
[White "Oms Fuentes, Lluis"]
[Black "Cruz Alvarez De Ron, Dan"]
[Result "1/2-1/2"]
[WhiteElo "2310"]
[BlackElo "2219"]
[PlyCount "68"]
[EventDate "2006.08.16"]
[EventType "team"]
[EventRounds "6"]
[EventCountry "ESP"]
[Source "lmi"]
[SourceDate "2006.08.21"]

1. e4 g6 2. Nc3 Bg7 3. g3 d6 4. Bg2 Nd7 5. d3 e5 6. Be3 c6 7. Qd2 Ne7 8. Bh6
Bxh6 9. Qxh6 Qb6 10. Rb1 Nf8 11. Nf3 Ne6 12. O-O Ng8 13. Qd2 Ne7 14. Ne2 O-O
15. d4 exd4 16. Nexd4 Nxd4 17. Nxd4 d5 18. exd5 Nxd5 19. Bxd5 cxd5 20. Rfe1 Be6
21. c3 Rad8 22. Re5 Rfe8 23. Rbe1 Qd6 24. Qf4 Kg7 25. Qg5 Qd7 26. h4 f6 27.
Nxe6+ Rxe6 28. Rxe6 fxg5 29. Re7+ Kf6 30. Rxd7 Rxd7 31. hxg5+ Kxg5 32. Kg2 h5
33. f4+ Kf6 34. Kf3 d4 1/2-1/2

[Event "TCh-ESP 1a Division Zona Norte"]
[Site "Barcelona ESP"]
[Date "2006.08.18"]
[Round "4.9"]
[White "Patino Romaris, Juan Roberto"]
[Black "Almeida Toledano, Daniel"]
[Result "1/2-1/2"]
[WhiteElo "2202"]
[BlackElo "2250"]
[PlyCount "50"]
[EventDate "2006.08.16"]
[EventType "team"]
[EventRounds "6"]
[EventCountry "ESP"]
[Source "lmi"]
[SourceDate "2006.08.21"]

1. d4 d5 2. c4 c6 3. Nf3 Nf6 4. e3 e6 5. Bd3 a6 6. O-O dxc4 7. Bxc4 b5 8. Be2
Nbd7 9. a4 b4 10. a5 c5 11. Nbd2 Be7 12. Nc4 Bb7 13. Nfe5 O-O 14. b3 Ne4 15.
Bb2 Nxe5 16. dxe5 Qxd1 17. Rfxd1 Rad8 18. f3 Nc3 19. Bxc3 bxc3 20. Rxd8 Rxd8
21. Rc1 f6 22. f4 fxe5 23. fxe5 Bc6 24. Rxc3 Bb5 25. Rd3 Bxc4 1/2-1/2

[Event "TCh-ESP 1a Division Zona Norte"]
[Site "Barcelona ESP"]
[Date "2006.08.18"]
[Round "4.9"]
[White "Barquero Pinar, Denis"]
[Black "Sanchez Camino, Jose"]
[Result "1-0"]
[WhiteElo "2164"]
[BlackElo "1970"]
[PlyCount "47"]
[EventDate "2006.08.16"]
[EventType "team"]
[EventRounds "6"]
[EventCountry "ESP"]
[Source "lmi"]
[SourceDate "2006.08.21"]

1. e4 d6 2. d4 Nf6 3. Nc3 g6 4. f4 Bg7 5. Nf3 c6 6. Bd3 b5 7. e5 dxe5 8. fxe5
Nd5 9. O-O Nxc3 10. bxc3 O-O 11. Qe1 Na6 12. Qh4 Nc7 13. Ng5 h5 14. Ba3 Nd5 15.
Nxf7 Rxf7 16. Bxg6 Rxf1+ 17. Rxf1 Bg4 18. Bf7+ Kh8 19. Bxh5 Bxh5 20. Qxh5+ Kg8
21. Qf7+ Kh8 22. Rf3 Qf8 23. Rh3+ Bh6 24. Qg6 1-0

[Event "TCh-ESP 1a Division Zona Norte"]
[Site "Barcelona ESP"]
[Date "2006.08.18"]
[Round "4.10"]
[White "Cabrera, Alexis"]
[Black "Bautista Sanchez, Joan"]
[Result "1-0"]
[WhiteElo "2506"]
[BlackElo "2227"]
[PlyCount "57"]
[EventDate "2006.08.16"]
[EventType "team"]
[EventRounds "6"]
[EventCountry "ESP"]
[Source "lmi"]
[SourceDate "2006.08.21"]

1. e4 c6 2. d4 d5 3. e5 Bf5 4. c4 e6 5. Nc3 Ne7 6. a3 Nd7 7. c5 Bg6 8. f4 Nf5
9. Nf3 Nh4 10. Nxh4 Qxh4+ 11. g3 Qd8 12. Bh3 h5 13. O-O Be7 14. f5 exf5 15.
Bxf5 Bxf5 16. Rxf5 g6 17. Rf2 Nf8 18. Qd3 Qd7 19. Bd2 h4 20. Raf1 hxg3 21. Rxf7
O-O-O 22. Qxg3 Ne6 23. Qg4 g5 24. R1f6 Bxf6 25. Rxd7 Kxd7 26. exf6 Rh4 27. Qf5
Rxd4 28. Be3 Rh4 29. Nxd5 1-0

[Event "TCh-ESP 1a Division Zona Norte"]
[Site "Barcelona ESP"]
[Date "2006.08.18"]
[Round "4.10"]
[White "Castelltort Fernandez, A."]
[Black "Pavia Miralles, J M."]
[Result "1/2-1/2"]
[WhiteElo "2252"]
[BlackElo "2278"]
[PlyCount "74"]
[EventDate "2006.08.16"]
[EventType "team"]
[EventRounds "6"]
[EventCountry "ESP"]
[Source "lmi"]
[SourceDate "2006.08.21"]

1. e4 e5 2. Bc4 Nc6 3. Nc3 d6 4. d3 Be7 5. f4 Bh4+ 6. g3 Bf6 7. f5 Na5 8. Nf3
h5 9. Nd5 Ne7 10. Nxf6+ gxf6 11. Bb5+ c6 12. Ba4 b5 13. Bb3 d5 14. Qe2 c5 15.
c3 Nxb3 16. axb3 Bb7 17. O-O Qd7 18. Nd2 a6 19. c4 dxc4 20. bxc4 Qd4+ 21. Rf2
O-O-O 22. cxb5 axb5 23. Nb3 Qxd3 24. Qxd3 Rxd3 25. Nxc5 Rd1+ 26. Rf1 Rxf1+ 27.
Kxf1 Nc6 28. Be3 Rg8 29. Kf2 h4 30. Nxb7 Kxb7 31. Rd1 hxg3+ 32. hxg3 Kc7 33.
Kf3 Rh8 34. Kg2 Ra8 35. Kf3 Rh8 36. Kg2 Ra8 37. Kf3 Rh8 1/2-1/2

[Event "TCh-ESP 1a Division Zona Norte"]
[Site "Barcelona ESP"]
[Date "2006.08.18"]
[Round "4.10"]
[White "Pena Riasco, Alexander"]
[Black "Romero Moreno, Felix"]
[Result "1-0"]
[WhiteElo "2313"]
[BlackElo "2063"]
[PlyCount "77"]
[EventDate "2006.08.16"]
[EventType "team"]
[EventRounds "6"]
[EventCountry "ESP"]
[Source "lmi"]
[SourceDate "2006.08.21"]

1. c4 c5 2. Nc3 Nf6 3. g3 Nc6 4. Bg2 Rb8 5. e3 e5 6. Nge2 b6 7. O-O Bb7 8. d3
Be7 9. a3 O-O 10. Nd5 h6 11. Nec3 a6 12. Rb1 Bc8 13. Qc2 Na7 14. b4 d6 15. bxc5
dxc5 16. Bd2 Bf5 17. Rb3 b5 18. Rfb1 Bd6 19. Nxf6+ Qxf6 20. cxb5 c4 21. Nd5 Qg6
22. Qxc4 axb5 23. Qh4 Bxd3 24. Rxd3 Qxd3 25. Be4 Qxd2 26. Nf6+ Kh8 27. Qg4 Qa2
28. Nh5 Rg8 29. Qf5 g6 30. Qf6+ Kh7 31. Qxd6 Rgf8 32. Qf6 Rg8 33. Rd1 Rbf8 34.
Qxe5 Qe6 35. Qxe6 fxe6 36. Rd7+ Kh8 37. Rxa7 Rc8 38. Nf4 Rg7 39. Nxg6+ 1-0

[Event "TCh-ESP 1a Division Zona Norte"]
[Site "Barcelona ESP"]
[Date "2006.08.18"]
[Round "4.10"]
[White "Rise Font, Josep Maria"]
[Black "Defez Gomez, Juan Francisco"]
[Result "0-1"]
[WhiteElo "2057"]
[BlackElo "2191"]
[PlyCount "78"]
[EventDate "2006.08.16"]
[EventType "team"]
[EventRounds "6"]
[EventCountry "ESP"]
[Source "lmi"]
[SourceDate "2006.08.21"]

1. d4 Nf6 2. Nf3 g6 3. c4 Bg7 4. Nc3 d6 5. e4 O-O 6. Be2 Na6 7. O-O e5 8. Re1
c6 9. a3 Bg4 10. d5 Nc5 11. h3 Bxf3 12. Bxf3 cxd5 13. cxd5 a5 14. Be3 Nfd7 15.
Nb5 Qe7 16. b4 axb4 17. axb4 Na6 18. Qb3 f5 19. Rac1 Rac8 20. Be2 Nf6 21. Rxc8
Rxc8 22. Na7 Rf8 23. b5 Nb8 24. exf5 gxf5 25. b6 f4 26. Bc1 Ne4 27. Ba3 Nd7 28.
Rc1 Qh4 29. Qf3 Ndf6 30. Bf1 Ng5 31. Qe2 f3 32. gxf3 Nh5 33. Bg2 Nf4 34. Qf1
Ngxh3+ 35. Bxh3 Nxh3+ 36. Kg2 Nf4+ 37. Kg1 Rf6 38. Rc8+ Bf8 39. Rxf8+ Kxf8 0-1

[Event "TCh-ESP 1a Division Zona Norte"]
[Site "Barcelona ESP"]
[Date "2006.08.18"]
[Round "4.11"]
[White "Ortiz Fernandez-Vega, A."]
[Black "Mate Adan, Carlos"]
[Result "1-0"]
[WhiteElo "2175"]
[BlackElo "2294"]
[PlyCount "75"]
[EventDate "2006.08.16"]
[EventType "team"]
[EventRounds "6"]
[EventCountry "ESP"]
[Source "lmi"]
[SourceDate "2006.08.21"]

1. e4 d5 2. exd5 Qxd5 3. Nf3 Bg4 4. Be2 Nf6 5. d4 c6 6. O-O e6 7. c4 Qa5 8. Qb3
Qb6 9. c5 Qxb3 10. axb3 Bxf3 11. Bxf3 Kd7 12. Nd2 Na6 13. Nc4 Nc7 14. Ne5+ Ke7
15. Nxc6+ bxc6 16. Bxc6 Nfd5 17. Bxa8 Nxa8 18. Rxa7+ Nac7 19. Bf4 Kd7 20. Bg3
Kc6 21. b4 g5 22. Rfa1 Bg7 23. b5+ Kxb5 24. Bxc7 Bxd4 25. Bd6 Rc8 26. R1a5+ Kc4
27. Rxf7 Bxb2 28. Rxh7 Bc3 29. Ra2 Bb4 30. h4 gxh4 31. Rxh4+ Kb3 32. Re2 Bxc5
33. Bxc5 Rxc5 34. Rxe6 Rc1+ 35. Kh2 Rf1 36. Kg3 Kc3 37. Rc6+ Kb3 38. Rh8 1-0

[Event "TCh-ESP 1a Division Zona Norte"]
[Site "Barcelona ESP"]
[Date "2006.08.18"]
[Round "4.11"]
[White "Bolado Saez, Sergio"]
[Black "Iglesias, Julian"]
[Result "1-0"]
[WhiteElo "2290"]
[BlackElo "2175"]
[PlyCount "55"]
[EventDate "2006.08.16"]
[EventType "team"]
[EventRounds "6"]
[EventCountry "ESP"]
[Source "lmi"]
[SourceDate "2006.08.21"]

1. e4 d6 2. d4 Nf6 3. Nc3 c6 4. a4 e5 5. Nf3 Bg4 6. dxe5 Bxf3 7. Qxf3 dxe5 8.
Qg3 Nbd7 9. Bc4 g6 10. Bg5 Bg7 11. h4 h6 12. Be3 Qe7 13. O-O-O Nh5 14. Qf3 O-O
15. Qg4 Nb6 16. Bb3 Kh7 17. a5 Nf6 18. Qh3 Nbd7 19. h5 gxh5 20. Qf5+ Kh8 21. g4
Nc5 22. g5 Nxb3+ 23. cxb3 Ng4 24. gxh6 Bf6 25. Rd7 Nxe3 26. fxe3 Qe6 27. Rf1
Rad8 28. Rxd8 1-0

[Event "TCh-ESP 1a Division Zona Norte"]
[Site "Barcelona ESP"]
[Date "2006.08.18"]
[Round "4.11"]
[White "Garcia Gonzalez, Fernando"]
[Black "Ruiz Marana, Alejandro"]
[Result "0-1"]
[WhiteElo "2131"]
[BlackElo "2130"]
[PlyCount "104"]
[EventDate "2006.08.16"]
[EventType "team"]
[EventRounds "6"]
[EventCountry "ESP"]
[Source "lmi"]
[SourceDate "2006.08.21"]

1. d4 d5 2. Nf3 Nf6 3. Bf4 e6 4. e3 Be7 5. Bd3 c5 6. c3 Nc6 7. Nbd2 O-O 8. O-O
c4 9. Bc2 Nh5 10. Bg3 Nxg3 11. hxg3 b5 12. a3 Rb8 13. e4 a5 14. e5 Bd7 15. Nh2
Rb7 16. f4 b4 17. axb4 axb4 18. g4 Qb6 19. g5 g6 20. Ng4 Kg7 21. Nf3 Rfb8 22.
Qe1 Kh8 23. Nh6 Be8 24. Qh4 bxc3 25. bxc3 Qb2 26. Rac1 Qxc3 27. Bxg6 Qe3+ 28.
Kh2 fxg6 29. Rce1 Qd3 30. Rd1 Qa3 31. Rh1 Bf8 32. Ng4 Qe7 33. Nf6 Qg7 34. Kg3
c3 35. Rc1 Bb4 36. Qg4 h5 37. gxh6 Qe7 38. h7 Bf7 39. Qh3 Qf8 40. Qh4 Qg7 41.
Qg5 Rc8 42. Rh6 Ne7 43. Kf2 c2 44. Nh4 Bd2 45. Ng8 Bxc1 46. Nxe7 Rxe7 47. Rxg6
Be3+ 48. Kf3 Qxg6 49. Nxg6+ Bxg6 50. Qxe7 c1=Q 51. Qf6+ Kxh7 52. Qh4+ Kg8 0-1

[Event "TCh-ESP 1a Division Zona Norte"]
[Site "Barcelona ESP"]
[Date "2006.08.18"]
[Round "4.11"]
[White "Carreras Solana, Fernando"]
[Black "Fidalgo Fernandez, Lucia"]
[Result "1-0"]
[WhiteElo "2120"]
[BlackElo "2105"]
[PlyCount "65"]
[EventDate "2006.08.16"]
[EventType "team"]
[EventRounds "6"]
[EventCountry "ESP"]
[Source "lmi"]
[SourceDate "2006.08.21"]

1. d4 d5 2. Nf3 Nf6 3. Bf4 c6 4. e3 Qb6 5. Nbd2 Qxb2 6. Bd3 Qb6 7. Ne5 e6 8.
O-O Be7 9. Qf3 O-O 10. Qh3 g6 11. Bh6 Re8 12. f4 Nfd7 13. Ndf3 f5 14. Ng5 Bxg5
15. Bxg5 Nxe5 16. fxe5 Qc7 17. Rf3 b6 18. Raf1 Ba6 19. g4 Bxd3 20. cxd3 Nd7 21.
gxf5 exf5 22. e4 f4 23. e6 Nf8 24. e7 Rxe7 25. Bxe7 Qxe7 26. Rxf4 Rd8 27. e5 c5
28. Rf6 cxd4 29. e6 Re8 30. Rf7 Qg5+ 31. Kh1 h5 32. e7 Nh7 33. Qe6 1-0

[Event "TCh-ESP 1a Division Zona Norte"]
[Site "Barcelona ESP"]
[Date "2006.08.18"]
[Round "4.1"]
[White "Rodriguez, Andres"]
[Black "Macieja, Bartolomiej"]
[Result "0-1"]
[WhiteElo "2511"]
[BlackElo "2613"]
[PlyCount "118"]
[EventDate "2006.08.16"]
[EventType "team"]
[EventRounds "6"]
[EventCountry "ESP"]
[Source "lmi"]
[SourceDate "2006.08.21"]

1. e4 c6 2. d4 d5 3. Nd2 dxe4 4. Nxe4 Bf5 5. Ng3 Bg6 6. Bc4 e6 7. N1e2 Bd6 8.
O-O Qc7 9. f4 Ne7 10. Nc3 Nd7 11. Nce4 O-O 12. Qe2 Rad8 13. Kh1 a6 14. a4 Rfe8
15. Nxd6 Qxd6 16. c3 c5 17. Be3 Qc6 18. Rfd1 cxd4 19. Bxd4 Nf5 20. Nxf5 Bxf5
21. Bd3 Nf6 22. Bxf6 Rxd3 23. Rxd3 Bxd3 24. Qxd3 gxf6 25. h3 e5 26. fxe5 fxe5
27. Rf1 e4 28. Qe3 Qd5 29. Rf4 Re6 30. Rg4+ Kf8 31. Qf4 Qe5 32. Kg1 Qc5+ 33.
Kh2 e3 34. Qb8+ Re8 35. Rg8+ Kxg8 36. Qxe8+ Kg7 37. h4 Qd6+ 38. Kh3 Qf4 39. Qe7
Kg6 40. g3 Qf5+ 41. Kg2 Qd5+ 42. Kh2 Qd2+ 43. Kh3 e2 44. h5+ Kg7 45. Qe5+ Kf8
46. Qh8+ Ke7 47. Qe5+ Kd7 48. Qf5+ Kd6 49. Qf6+ Kc5 50. Qf5+ Kd6 51. Qf6+ Kc7
52. Qe5+ Kd7 53. Qf5+ Kd8 54. Qa5+ b6 55. Qxb6+ Ke7 56. Qb4+ Qd6 57. Qh4+ f6
58. g4 Qd3+ 59. Kh2 Qd2 0-1

[Event "TCh-ESP 1a Division Zona Norte"]
[Site "Barcelona ESP"]
[Date "2006.08.18"]
[Round "4.1"]
[White "Bartel, Mateusz"]
[Black "Magem Badals, Jordi"]
[Result "1/2-1/2"]
[WhiteElo "2561"]
[BlackElo "2479"]
[PlyCount "46"]
[EventDate "2006.08.16"]
[EventType "team"]
[EventRounds "6"]
[EventCountry "ESP"]
[Source "lmi"]
[SourceDate "2006.08.21"]

1. e4 e5 2. Nf3 Nc6 3. Bb5 a6 4. Ba4 Nf6 5. O-O Be7 6. Re1 b5 7. Bb3 d6 8. c3
O-O 9. d4 Bg4 10. Be3 exd4 11. cxd4 Na5 12. Bc2 c5 13. h3 Bxf3 14. Qxf3 cxd4
15. Bxd4 Rc8 16. Qd3 Nc6 17. Bc3 g6 18. Bb3 Nd7 19. a3 Nc5 20. Qd1 Nxb3 21.
Qxb3 Re8 22. Nd2 Na5 23. Qd5 Bf6 1/2-1/2

[Event "TCh-ESP 1a Division Zona Norte"]
[Site "Barcelona ESP"]
[Date "2006.08.18"]
[Round "4.1"]
[White "Alonso Seisdedos, Cayetano"]
[Black "Saldaño, Horacio"]
[Result "1/2-1/2"]
[WhiteElo "2284"]
[BlackElo "2427"]
[PlyCount "61"]
[EventDate "2006.08.16"]
[EventType "team"]
[EventRounds "6"]
[EventCountry "ESP"]
[Source "lmi"]
[SourceDate "2006.08.21"]

1. e4 e5 2. Nf3 Nc6 3. Bb5 a6 4. Ba4 Nf6 5. d3 b5 6. Bb3 Be7 7. c3 O-O 8. O-O
d6 9. Re1 Na5 10. Bc2 c5 11. Nbd2 Re8 12. Nf1 h6 13. h3 Bf8 14. Ng3 Bb7 15. Nh2
d5 16. Qe2 Rc8 17. Ng4 Re6 18. Bd2 dxe4 19. dxe4 Nc4 20. Bc1 Nd6 21. f3 c4 22.
Be3 Qc7 23. Nxf6+ Rxf6 24. Nh5 Re6 25. g4 Ne8 26. Ng3 Bc5 27. Rad1 Rd6 28. Nf5
Rxd1 29. Rxd1 Nd6 30. Bxc5 Qxc5+ 31. Qe3 1/2-1/2

[Event "TCh-ESP 1a Division Zona Norte"]
[Site "Barcelona ESP"]
[Date "2006.08.18"]
[Round "4.1"]
[White "Mullor Gomez, Luis"]
[Black "Fernandez Diaz, Miquel"]
[Result "1-0"]
[WhiteElo "2335"]
[BlackElo "2193"]
[PlyCount "63"]
[EventDate "2006.08.16"]
[EventType "team"]
[EventRounds "6"]
[EventCountry "ESP"]
[Source "lmi"]
[SourceDate "2006.08.21"]

1. e4 e5 2. Nc3 Bb4 3. Nf3 Nc6 4. Nd5 Ba5 5. Bc4 Nf6 6. O-O d6 7. d3 Nxd5 8.
Bxd5 Qe7 9. c3 Bb6 10. Nd2 a6 11. Nc4 Ba7 12. Be3 Bxe3 13. Nxe3 Nd8 14. Qh5 Ne6
15. Bxe6 Bxe6 16. d4 g6 17. Qh6 O-O-O 18. f4 exf4 19. Qxf4 Rde8 20. b3 h5 21.
Rae1 Rh7 22. e5 dxe5 23. Qxe5 Qd6 24. Qxd6 cxd6 25. d5 Bd7 26. Nc4 Kc7 27. Rxe8
Bxe8 28. Rf6 Kd7 29. Rxd6+ Kc8 30. Rf6 g5 31. Nd6+ Kd7 32. Nxb7 1-0

[Event "TCh-ESP 1a Division Zona Norte"]
[Site "Barcelona ESP"]
[Date "2006.08.18"]
[Round "4.2"]
[White "Conquest, Stuart"]
[Black "Perez, Rodney"]
[Result "1/2-1/2"]
[WhiteElo "2534"]
[BlackElo "2406"]
[PlyCount "37"]
[EventDate "2006.08.16"]
[EventType "team"]
[EventRounds "6"]
[EventCountry "ESP"]
[Source "lmi"]
[SourceDate "2006.08.21"]

1. e4 e5 2. Bc4 Nf6 3. d3 Nc6 4. Nf3 Bc5 5. Nc3 O-O 6. Bg5 Be7 7. h3 d6 8. a3
Be6 9. O-O Nxe4 10. Nxe4 d5 11. Bxe7 Qxe7 12. Bb5 dxe4 13. Bxc6 exf3 14. Bxf3
c6 15. Qe2 Qd6 16. Rfe1 f6 17. Rad1 Bd5 18. Be4 Rad8 19. Qe3 1/2-1/2

[Event "TCh-ESP 1a Division Zona Norte"]
[Site "Barcelona ESP"]
[Date "2006.08.18"]
[Round "4.2"]
[White "Gonzalez Menendez, Ivan"]
[Black "De la Villa Garcia, Jesus"]
[Result "1/2-1/2"]
[WhiteElo "2411"]
[BlackElo "2452"]
[PlyCount "41"]
[EventDate "2006.08.16"]
[EventType "team"]
[EventRounds "6"]
[EventCountry "ESP"]
[Source "lmi"]
[SourceDate "2006.08.21"]

1. e4 Nf6 2. e5 Nd5 3. d4 d6 4. Nf3 g6 5. Bc4 Nb6 6. Bb3 Bg7 7. O-O O-O 8. h3
dxe5 9. Nxe5 c5 10. dxc5 Bxe5 11. cxb6 Qxb6 12. Nc3 Nc6 13. Nd5 Qd8 14. Bh6 Bg7
15. Bxg7 Kxg7 16. Qe2 e6 17. Nc3 b6 18. Rad1 Qe7 19. Ne4 Bb7 20. Nd6 Rad8 21.
Nxb7 1/2-1/2

[Event "TCh-ESP 1a Division Zona Norte"]
[Site "Barcelona ESP"]
[Date "2006.08.18"]
[Round "4.2"]
[White "Navarro Cia, Miguel"]
[Black "Recuero Guerra, David"]
[Result "1/2-1/2"]
[WhiteElo "2336"]
[BlackElo "2392"]
[PlyCount "52"]
[EventDate "2006.08.16"]
[EventType "team"]
[EventRounds "6"]
[EventCountry "ESP"]
[Source "lmi"]
[SourceDate "2006.08.21"]

1. e4 e6 2. d4 d5 3. Nc3 Bb4 4. exd5 exd5 5. Bd3 Nf6 6. Bg5 c5 7. dxc5 Bxc3+ 8.
bxc3 O-O 9. Qf3 Nbd7 10. Ne2 Qc7 11. O-O Qxc5 12. Qg3 Ne4 13. Qh4 Nxg5 14. Qxg5
h6 15. Qf4 Nf6 16. Rab1 a6 17. a4 Re8 18. h3 Re7 19. Rb4 Qc7 20. Rfb1 a5 21.
Rb6 Qxf4 22. Nxf4 Rc7 23. Rd6 Rd7 24. Rdb6 Rc7 25. Rd6 Rd7 26. Rdb6 Rc7 1/2-1/2

[Event "TCh-ESP 1a Division Zona Norte"]
[Site "Barcelona ESP"]
[Date "2006.08.18"]
[Round "4.2"]
[White "Suarez Real, Alberto"]
[Black "Zamarbide Iñarrea, Daniel"]
[Result "1-0"]
[WhiteElo "2368"]
[BlackElo "2002"]
[PlyCount "69"]
[EventDate "2006.08.16"]
[EventType "team"]
[EventRounds "6"]
[EventCountry "ESP"]
[Source "lmi"]
[SourceDate "2006.08.21"]

1. e4 c5 2. Nf3 g6 3. d4 Bg7 4. c4 Qa5+ 5. Nc3 Nc6 6. d5 Nd4 7. Bd2 d6 8. h3 e5
9. dxe6 fxe6 10. Nxd4 cxd4 11. Nb5 Qb6 12. Qa4 Bd7 13. Qa3 Bxb5 14. cxb5 Ne7
15. Bc4 d5 16. Ba5 Qxa5+ 17. Qxa5 dxc4 18. Qb4 Rc8 19. Rc1 c3 20. bxc3 dxc3 21.
O-O Kf7 22. Rfd1 Rhd8 23. Rxd8 Rxd8 24. Rxc3 Rd1+ 25. Kh2 Rd4 26. Rf3+ Ke8 27.
Qa5 Rxe4 28. Qxa7 Be5+ 29. g3 Re2 30. Qa8+ Kd7 31. Qxb7+ Ke8 32. Qa8+ Kd7 33.
Kg2 Nf5 34. Rd3+ Nd6 35. Qc6+ 1-0

[Event "TCh-ESP 1a Division Zona Norte"]
[Site "Barcelona ESP"]
[Date "2006.08.19"]
[Round "5.1"]
[White "Hracek, Zbynek"]
[Black "Macieja, Bartolomiej"]
[Result "1/2-1/2"]
[WhiteElo "2605"]
[BlackElo "2613"]
[PlyCount "30"]
[EventDate "2006.08.16"]
[EventType "team"]
[EventRounds "6"]
[EventCountry "ESP"]
[Source "lmi"]
[SourceDate "2006.08.21"]

1. d4 Nf6 2. c4 e6 3. Nf3 d5 4. Nc3 c5 5. cxd5 Nxd5 6. e4 Nxc3 7. bxc3 cxd4 8.
cxd4 Bb4+ 9. Bd2 Bxd2+ 10. Qxd2 O-O 11. Bc4 b6 12. O-O Bb7 13. d5 exd5 14. Bxd5
Nc6 15. Rac1 Rc8 1/2-1/2

[Event "TCh-ESP 1a Division Zona Norte"]
[Site "Barcelona ESP"]
[Date "2006.08.19"]
[Round "5.1"]
[White "Bartel, Mateusz"]
[Black "Jansa, Vlastimil"]
[Result "1/2-1/2"]
[WhiteElo "2561"]
[BlackElo "2482"]
[PlyCount "72"]
[EventDate "2006.08.16"]
[EventType "team"]
[EventRounds "6"]
[EventCountry "ESP"]
[Source "lmi"]
[SourceDate "2006.08.21"]

1. d4 Nf6 2. c4 g6 3. Nc3 d5 4. Nf3 Bg7 5. Qb3 dxc4 6. Qxc4 O-O 7. e4 Bg4 8.
Be3 Nfd7 9. O-O-O Nb6 10. Qc5 N8d7 11. Qa3 e6 12. Kb1 Re8 13. Rc1 c6 14. Ne5
Nxe5 15. dxe5 g5 16. f3 Bh5 17. Rd1 Qc7 18. g4 Bg6 19. Bxg5 Bxe5 20. h4 f6 21.
Be3 Nd5 22. Nxd5 exd5 23. h5 Bf7 24. g5 d4 25. Bc1 c5 26. g6 Be6 27. Rg1 Rac8
28. h6 c4 29. gxh7+ Kh8 30. Rg7 Qc6 31. Rg2 c3 32. Rc2 Bc4 33. Bxc4 Qxc4 34.
bxc3 Re6 35. Ka1 dxc3 36. Qb3 Qxb3 1/2-1/2

[Event "TCh-ESP 1a Division Zona Norte"]
[Site "Barcelona ESP"]
[Date "2006.08.19"]
[Round "5.1"]
[White "Garza Marco, Sergio"]
[Black "Saldaño, Horacio"]
[Result "1/2-1/2"]
[WhiteElo "2349"]
[BlackElo "2427"]
[PlyCount "37"]
[EventDate "2006.08.16"]
[EventType "team"]
[EventRounds "6"]
[EventCountry "ESP"]
[Source "lmi"]
[SourceDate "2006.08.21"]

1. d4 Nf6 2. c4 g6 3. Nc3 Bg7 4. e4 d6 5. Be2 O-O 6. Nf3 c5 7. O-O cxd4 8. Nxd4
Nc6 9. Be3 Bd7 10. Qd2 Nxd4 11. Bxd4 Bc6 12. f3 a5 13. Rab1 Nd7 14. Be3 Nc5 15.
b3 Qb6 16. Rfc1 Rfc8 17. Rc2 Qd8 18. Bf1 h5 19. Qd1 1/2-1/2

[Event "TCh-ESP 1a Division Zona Norte"]
[Site "Barcelona ESP"]
[Date "2006.08.19"]
[Round "5.1"]
[White "Mullor Gomez, Luis"]
[Black "Fontana Sotomayor, Luis Javier"]
[Result "1/2-1/2"]
[WhiteElo "2335"]
[BlackElo "2303"]
[PlyCount "78"]
[EventDate "2006.08.16"]
[EventType "team"]
[EventRounds "6"]
[EventCountry "ESP"]
[Source "lmi"]
[SourceDate "2006.08.21"]

1. e4 c6 2. d4 d5 3. exd5 cxd5 4. Bd3 Nc6 5. c3 Qc7 6. Ne2 Bg4 7. f3 Bd7 8. Bf4
e5 9. dxe5 Nxe5 10. O-O Bd6 11. Nd4 Ne7 12. Qe2 O-O 13. Re1 N7g6 14. Bxg6 Nxg6
15. Bxd6 Qxd6 16. Na3 Rfe8 17. Qd2 a6 18. Nac2 Qf6 19. Nb4 Bc6 20. Rxe8+ Rxe8
21. Re1 Ra8 22. Nd3 h6 23. Nf2 Bd7 24. Nd3 Qd6 25. Qf2 Rc8 26. f4 f6 27. g3 Ne7
28. Qe3 Nf5 29. Nxf5 Bxf5 30. Nc1 Rc4 31. Nb3 Re4 32. Qf2 Qe7 33. Rxe4 Qxe4 34.
Nd4 Bg4 35. a3 Qb1+ 36. Kg2 Qe4+ 37. Kg1 Qb1+ 38. Kg2 Qe4+ 39. Nf3 d4 1/2-1/2

[Event "TCh-ESP 1a Division Zona Norte"]
[Site "Barcelona ESP"]
[Date "2006.08.19"]
[Round "5.2"]
[White "Perez, Rodney"]
[Black "Istraescu, Andrei"]
[Result "0-1"]
[WhiteElo "2406"]
[BlackElo "2612"]
[PlyCount "52"]
[EventDate "2006.08.16"]
[EventType "team"]
[EventRounds "6"]
[EventCountry "ESP"]
[Source "lmi"]
[SourceDate "2006.08.21"]

1. c4 Nf6 2. g3 c6 3. Nf3 d5 4. b3 Bf5 5. Bg2 e6 6. O-O Be7 7. Bb2 O-O 8. d3 h6
9. Re1 Bh7 10. Nc3 Nbd7 11. Rc1 Re8 12. Rc2 Bf8 13. Qa1 dxc4 14. bxc4 e5 15.
Nd2 Nc5 16. Rcc1 Qc7 17. Nb3 Nfd7 18. Red1 a5 19. Ba3 Nxd3 20. Bxf8 Nxc1 21.
Bd6 Nxb3 22. axb3 Qb6 23. Qb2 Nc5 24. Qa3 Qb4 25. Bxc5 Qxc3 26. Rc1 Qd2 0-1